000
00301nam a2200121Ia 4500
008
211105s9999 xx 000 0 und d
020
_a
VYASA16273
100
_a
Maheshanandaji Swami
245
0
_a
Yoga Concordance Vol 111
250
_a
\N
260
_b
Kaivalyadhama S.M.Y.M.Samiti
_c
\N
300
_a
583p.
999
_c
9550
_d
9550